El nombre de Venezuela /
Guardado en:
| Autor Principal: | |
|---|---|
| Formato: | Libro |
| Idioma: | Spanish |
| Publicado: |
Caracas :
Vargas,
1956.
|
| Etiquetas: |
Agregar Etiqueta
Sin Etiquetas, Sea el primero en etiquetar este registro!
|
| LEADER | 00427nam a22001575a 4500 | ||
|---|---|---|---|
| 001 | EUN.um005682 | ||
| 003 | AR-BaUNS | ||
| 005 | 20050623122852.0 | ||
| 008 | 041125s1956####ve############000#0#spa#d | ||
| 245 | 1 | 3 | |a El nombre de Venezuela / |c Angel Rosenblat. |
| 260 | |a Caracas : |b Vargas, |c 1956. | ||
| 300 | |a 52 p. | ||
| 100 | 1 | |a Rosenblat, Angel. | |
| 082 | 0 | 4 | |a 462.04 |
| 082 | 0 | 4 | |a 987 |
| 859 | |a Ar-BaUNS |b BIB. CENTRAL - Sector C |h 462.04 |i R723 |p 194/963 | ||
